|
|
|
|
| LEADER |
01153nam a2200301 a 4500 |
| 001 |
5973 |
| 003 |
BD-DhAAL |
| 005 |
20150615121134.0 |
| 008 |
150615s1996 maua b 001 0 eng |
| 010 |
|
|
|a 96217713
|
| 020 |
|
|
|a 0874253152
|
| 040 |
|
|
|a DLC
|c DLC
|d DLC
|d BD-DhAAL
|
| 043 |
|
|
|a n-us---
|
| 050 |
0 |
0 |
|a Z253
|b .F77 1996
|
| 082 |
0 |
0 |
|a 686.2/252
|2 21
|
| 100 |
1 |
|
|a Frank, Darlene,
|d 1946-
|9 12104
|
| 245 |
1 |
0 |
|a Terrific training materials :
|b high impact graphic designs for workbooks, handouts, instructor guides, and job aids /
|c Darlene Frank.
|
| 250 |
|
|
|a 1st ed.
|
| 260 |
|
|
|a Amherst, MA :
|b HRD Press;
|a Minneapolis, MN :
|b Lakewood Publications,
|c c1996.
|
| 300 |
|
|
|a xvi, 136 p. :
|b ill. ;
|c 28 cm.
|
| 504 |
|
|
|a Includes bibliographical references and index.
|
| 541 |
|
|
|e 5973
|
| 650 |
|
0 |
|a Typesetting
|z United States.
|9 12105
|
| 650 |
|
0 |
|a Graphic design (Typography)
|z United States.
|9 12106
|
| 650 |
|
0 |
|a Technical literature
|x United States.
|9 12107
|
| 942 |
|
|
|2 ddc
|c BK
|
| 999 |
|
|
|c 34733
|d 34733
|
| 952 |
|
|
|0 0
|1 0
|2 ddc
|4 0
|6 686_225200000000000_FRA
|7 0
|9 54322
|a SCL
|b SCL
|c GEN
|d 2015-06-15
|l 0
|o 686.2252 FRA
|p 3020005973
|r 2015-06-15
|t 1
|w 2015-06-15
|y BK
|